| 000 | 00810cam a2200265 a 4500 | ||
|---|---|---|---|
| 001 | 000005109 | ||
| 005 | 20200929151600.0 | ||
| 008 | 761112s1971 sp 000 0 spa | ||
| 010 | _a72334785 | ||
| 035 | _a(DLC) 72334785 | ||
| 035 | _a(OCoLC)2554836 | ||
| 040 |
_aDO-SdBNP _bspa _cBNPHU |
||
| 042 | _apremarc | ||
| 082 |
_aA861.44 _bG512v |
||
| 100 | 1 |
_aGiovannoni, Antonio Hector, _d1933- _914645 |
|
| 245 | 1 | 0 |
_aViaje al fondo de mis genes / _cHector Giovannoni. |
| 260 |
_aMadrid : _bEdiciones Cultura Hispánica, _c1971. |
||
| 300 |
_a50 p. ; _c21 cm. |
||
| 440 | 0 |
_apoética Leopoldo Panero : _v17 _914646 |
|
| 650 | 4 |
_aPoesía argentina _93859 |
|
| 650 | 4 |
_aLiteratura argentina _93860 |
|
| 830 | 0 |
_aPoética Leopoldo Panero _v17 _914647 |
|
| 910 | _aCatalogación por copia / LC | ||
| 049 | _aBNGR | ||
| 999 |
_c4912 _d4912 |
||